| 000 | 00610nam a22001937a 4500 | ||
|---|---|---|---|
| 005 | 20130913143329.0 | ||
| 010 | _aENG-108158 | ||
| 020 |
_a9781107617100 _c295.00 |
||
| 035 | _aEN-91691 | ||
| 037 | _bDBAD/PUB | ||
| 082 | _a511.43 | ||
| 100 | _aBerendsen, Herman J.C. | ||
| 245 | 1 | 0 |
_aA student's guide to data and error analysis / _cby Herman J.C. Berendsen |
| 260 |
_aNew Delhi _bCambridge University Press _c2011 |
||
| 270 |
_a4381/4, Ansari Road, Daryaganj _bNew Delhi _e110002 |
||
| 300 |
_axii,225p. : _c22cm(pbk) _bill. |
||
| 500 | _aIncludes index | ||
| 942 |
_2ddc _cEN _mBER _h511.43 |
||
| 999 |
_c78089 _d78089 |
||